A church using its Sunday school; (Record no. 7399)

MARC details
000 -LEADER
fixed length control field 00798cam a22002411 4500
001 - CONTROL NUMBER
control field 7368276
003 - CONTROL NUMBER IDENTIFIER
control field GBCCL
005 - DATE AND TIME OF LATEST TRANSACTION
control field 20241126110627.0
008 - FIXED-LENGTH DATA ELEMENTS--GENERAL INFORMATION
fixed length control field 800325s1937 tnu 000 0 eng
010 ## -
-- 37021919
035 ## - SYSTEM CONTROL NUMBER
System control number (OCoLC)6127268
040 ## - CATALOGING SOURCE
Original cataloging agency DLC
Transcribing agency TNJ
Modifying agency DLC
042 ## -
-- premarc
050 00 -
-- BV1520
-- .B28
082 ## - DEWEY DECIMAL CLASSIFICATION NUMBER
Classification number 268
Item number BAR
100 1# - MAIN ENTRY--PERSONAL NAME
Personal name Barnette, J. N.
Fuller form of name (Jasper Newton),
Dates associated with a name 1887-
9 (RLIN) 13092
245 12 - TITLE STATEMENT
Title A church using its Sunday school;
Remainder of title adapted for Sunday schools organized on the class basis,
Statement of responsibility, etc. by J. N. Barnette.
260 ## - PUBLICATION, DISTRIBUTION, ETC.
Place of publication, distribution, etc. Nashville, Tenn.,
Name of publisher, distributor, etc. The Sunday school board of the Southern Baptist convention
Date of publication, distribution, etc. [c1937]
300 ## - PHYSICAL DESCRIPTION
Extent 178 p.
Other physical details diagrs.
Dimensions 19 cm.
650 #0 - SUBJECT ADDED ENTRY--TOPICAL TERM
Topical term or geographic name entry element Sunday schools.
9 (RLIN) 4555
906 ## - LOCAL DATA ELEMENT F, LDF (RLIN)
a 7
b cbc
c oclcrpl
d u
e ncip
f 19
g y-gencatlg
942 ## - ADDED ENTRY ELEMENTS (KOHA)
Source of classification or shelving scheme Dewey Decimal Classification
Koha item type Books
Koha issues (borrowed), all copies 3
Holdings
Withdrawn status Lost status Source of classification or shelving scheme Damaged status Not for loan Home library Current Library Shelving location Date acquired Total checkouts Full call number Barcode Date last seen Date last checked out Copy number Price effective from Koha item type
    Dewey Decimal Classification     GRACE BIBLE COLLEGE GRACE BIBLE COLLEGE Ministry & Mission 2018-08-06 1 268 BAR 002394 2025-05-01 2021-03-22 c.1 2018-08-06 Books
    Dewey Decimal Classification     GRACE BIBLE COLLEGE GRACE BIBLE COLLEGE Ministry & Mission 2018-08-06 1 268 BAR 002432 2025-05-01 2022-04-26 c.2 2018-08-06 Books
    Dewey Decimal Classification     GRACE BIBLE COLLEGE GRACE BIBLE COLLEGE Ministry & Mission 2018-08-06 1 268 BAR 002435 2025-05-01 2018-09-07 c.3 2018-08-06 Books
© Grace Bible College Library 2025